[Event "Calvi Rapid Open 2019"]
[Site "Calvi"]
[Date "2019.05.19"]
[Round "10.1"]
[White "Howell, David W L"]
[Black "Maurizzi, Marc Andria"]
[Result "1-0"]
[WhiteElo "2698"]
[BlackElo "2329"]
[Annotator "TA"]
[PlyCount "157"]
[EventDate "2019.05.18"]
[EventType "rapid"]
[EventCountry "FRA"]
[SourceTitle "playchess.com"]
[Source "ChessBase"]
[SourceQuality "1"]

{[%evp 14,157,10,12,37,27,29,26,36,25,49,52,53,13,15,0,4,0,0,0,47,46,48,40,85,69,83,42,47,37,41,27,51,30,51,78,88,66,81,72,104,100,202,81,88,60,81,81,93,81,82,0,99,0,0,-50,-48,-41,-37,-44,-32,-102,-102,-102,-103,-106,-103,-102,-105,-108,-84,-90,0,0,0,0,8,14,178,25,39,40,56,34,34,34,47,33,33,33,49,50,57,49,52,36,69,34,34,34,54,54,91,54,120,110,29949,29952,29952,29953,29941,29937,5131,5708,29958,29963,29963,29964,29964,29965,29965,29966,29966,29967,29966,29963,29963,29964,29963,29965,29961,29962,29962,29963,29966,29960,29973,29965,29964,29964,29985,29986,29986,29987,29988,109]} 1. g3 e5 2. c4 g6 3. Bg2 Bg7 4. Nc3 Nc6 5. d3 Nf6 6. e3 O-O 7. Nge2 d6 8. O-O Bg4 {A25: English Opening vs King's Indian with ...Nc6 but without early d3} (8... Be6 9. Nd5 Qd7 10. Nec3 Ne8 11. f4 f5 12. Qa4 Kh8 13. Bd2 Nd8 14. Qxd7 Bxd7 15. Ne2 c6 16. Ndc3 Ne6 17. b4 a6 18. Rab1 {0-1 (38) Ivanchuk,V (2726)-Mchedlishvili,M (2603) Riadh 2017}) 9. h3 Be6 10. Nd5 Nd7 $146 {White has an edge.} ({Predecessor:} 10... Qd7 11. Kh2 Nd8 12. f4 Ne8 13. Rb1 c6 14. Ndc3 Nc7 15. b3 exf4 16. gxf4 {0-1 (44) Buttkus,A (2032)-Ahmadinia,E (2400) Berlin 2017}) 11. b3 e4 12. Rb1 exd3 13. Qxd3 Nc5 14. Qc2 Re8 {Strongly threatening ...Bf5.} 15. g4 a5 16. Bb2 Bxd5 17. cxd5 Nb4 {[%mdl 64] Double Attack} 18. Qd2 Ne4 19. Bxe4 $1 Rxe4 20. a3 $40 {[%mdl 128] White attacks.} Bxb2 21. Rxb2 {Hoping for Ng3.} Na6 22. Ng3 Re8 23. b4 axb4 24. axb4 Qf6 25. Kg2 Re5 26. Qd4 {f4 is the strong threat.} Qe7 27. Rc1 Re8 {[#]} (27... Rb8 $16 {keeps fighting.}) 28. Rb3 (28. Qa7 $1 $18 {and the rest is easy.}) 28... Qd7 29. Qc4 Qa4 30. Rcc3 Qa2 31. Rc2 Qa4 32. Rcc3 Qa2 $1 33. Qb5 (33. Qd4 $16) 33... c5 $11 34. bxc5 Nxc5 35. Rb2 Qxd5+ 36. Kh2 $1 Qd1 {Threatens to win with ...Ne4.} (36... Qe6 {looks sharper.} 37. Ra3 Rb8 38. Qe2 Qd7 39. Qb5 Qe7) 37. Qe2 (37. Ra3 $15) 37... Qxe2 $17 38. Rxe2 b5 {[%cal Bb7b5,Bb5b4][%mdl 32]} 39. Rd2 b4 40. Rc4 b3 41. Rb4 R5e6 42. Kg2 Kg7 (42... Rd8 $17 43. Ne2 Ree8) 43. Ne2 $1 $11 Re4 44. Rb5 R4e6 45. Nd4 Rf6 $2 (45... Re5 $11 {and Black is okay.}) 46. Nxb3 $2 (46. g5 $18 Rfe6 47. Nxe6+ Rxe6 48. Rb6) 46... Nxb3 47. Rxb3 $18 {[%mdl 4096] Endgame KRR-KRR} Rfe6 48. Rb6 Rd8 49. Kg3 Kf6 50. h4 Ke7 51. g5 d5 52. Rb7+ Kf8 53. Rd4 Red6 54. Kf4 Kg8 55. Rb2 f6 56. Rbd2 fxg5+ 57. hxg5 R6d7 58. Kg4 Kg7 (58... Kf7 $1 $14) 59. e4 $16 {[%cal Rd4d5]} h5+ $2 {[%mdl 8192]} (59... Rf7 $16) 60. gxh6+ $1 Kxh6 61. Rxd5 Rxd5 62. exd5 {KR-KR} Kg7 63. d6 Kf6 64. d7 {White mates.} Ke7 65. Kg5 Kf7 66. f4 Kg7 67. Rd3 Kf7 68. Rd6 Ke7 69. Rd4 Kf7 70. Rd1 Kg7 71. Rd6 Kf7 {[#]} 72. Rf6+ $1 Ke7 73. Kxg6 Kxd7 74. f5 Ke7 75. Rf7+ Ke8 76. Ra7 Kf8 77. f6 Kg8 78. Rg7+ Kh8 79. Rh7+ {Accuracy: White = 54%, Black = 35%.} 1-0

[Event "Calvi Rapid Open 2019"]
[Site "Calvi"]
[Date "2019.05.19"]
[Round "10.2"]
[White "Astaneh Lopez 2430, Alex"]
[Black "Petrosyan, Armen"]
[Result "1-0"]
[WhiteElo "2430"]
[BlackElo "2409"]
[Annotator "TA"]
[PlyCount "92"]
[EventDate "2019.05.18"]
[EventType "rapid"]
[EventCountry "FRA"]
[SourceTitle "playchess.com"]
[Source "ChessBase"]
[SourceQuality "1"]

{[%evp 9,92,-21,19,-12,0,1,61,55,101,113,113,111,111,105,152,150,168,137,142,151,147,139,140,139,157,149,152,126,199,197,227,211,230,203,225,183,230,156,153,154,268,132,140,134,158,140,164,156,172,86,89,97,107,93,117,77,79,79,88,83,89,88,109,89,107,107,149,149,138,94,166,117,173,179,181,200,202,202,228,215,309,304,435,431,442]} 1. d4 Nf6 2. Nc3 d5 3. Bf4 a6 4. e3 e6 (4... b5 5. Nf3 Bb7 6. Bd3 e6 7. Ne2 Nbd7 8. O-O Ne4 9. Ng3 g5 10. Be5 Rg8 11. Bxe4 dxe4 {0-1 (44) Alekseenko,K (2638)-Kovalev,V (2683) St Petersburg 2018}) 5. Bd3 Bd6 6. Bg3 {D00: 1 d4 d5: Unusual lines} c5 7. dxc5 Bxg3 $146 (7... Bxc5 $11 8. Nf3 Nc6) ({Predecessor:} 7... Bxc5 8. Nf3 Nc6 9. O-O O-O 10. a3 Bd6 11. Qe2 Bxg3 12. hxg3 {1-0 (25) Boudriga,M (2351)-Danar Jamaj,Q (1991) Baghdad 2016}) 8. hxg3 $14 {White is slightly better.} ({Much weaker is} 8. fxg3 Qa5 $11) 8... Qa5 9. g4 Nc6 10. g5 Nd7 {[#]} 11. g6 $1 {[%mdl 512]} h6 (11... fxg6 12. Bxg6+) 12. gxf7+ Kxf7 13. Qh5+ ({But not} 13. Qg4 $6 Nf6 $14) 13... Kf8 14. Nf3 Nf6 15. Qh2 Qxc5 16. O-O-O Bd7 17. g4 {Hoping for g5.} Ke7 18. Nh4 Be8 (18... Kd8 $16) 19. g5 $18 Nd7 20. gxh6 Rxh6 21. Qg3 Kd8 22. Qxg7 Rf6 23. Bg6 {aiming for Bxe8.} Qe7 24. Qxe7+ Kxe7 {[#]} (24... Nxe7 $16 {is a better defense.} 25. Bxe8 Kxe8) 25. Bxe8 (25. Nf5+ $1 $18 {[%mdl 512] is the precise move to win.} Kd8 (25... exf5 26. Nxd5+) 26. Bxe8 Kxe8 27. Nd6+ Kd8 28. Nxb7+ Ke7 29. Ne4) 25... Rxe8 $16 26. f4 Nb6 27. b3 Rg8 28. Ne2 Nd7 {[#]} 29. Rdg1 (29. f5 $1 $18 {[%mdl 512]}) 29... Rxg1+ 30. Rxg1 Rh6 31. Nf3 Rh3 32. Rg3 (32. Rg7+ {is interesting.} Kd6 33. Ng5 Rh1+ 34. Kd2 Rh2 35. a3) 32... Rxg3 33. Nxg3 {[%mdl 4096] Endgame KNN-KNN} e5 34. Kd2 Kf6 35. Nh2 exf4 36. exf4 Nc5 37. Ng4+ Kg6 38. Ke3 d4+ 39. Kd2 b5 (39... b6 $16 40. a3 a5 41. Ne5+ Nxe5) 40. Nf2 Ne7 (40... Kf6 $16 41. a3 a5) 41. Nd3 $18 Ne6 42. Ne5+ Kf6 43. Nd7+ Kg6 44. Kd3 Nf5 {[#]} (44... Nxf4+ {might work better.} 45. Kxd4 Kg5) 45. Ne2 $1 Kh5 (45... a5 $142 46. Ke4 a4) 46. Ke4 Ne7 {Accuracy: White = 72%, Black = 41%.} 1-0

[Event "Calvi Rapid Open 2019"]
[Site "Calvi"]
[Date "2019.05.19"]
[Round "11.1"]
[White "Maurizzi, Marc Andria"]
[Black "Howell, David W L"]
[Result "0-1"]
[WhiteElo "2329"]
[BlackElo "2698"]
[Annotator "TA"]
[PlyCount "52"]
[EventDate "2019.05.18"]
[EventType "rapid"]
[EventCountry "FRA"]
[SourceTitle "playchess.com"]
[Source "ChessBase"]
[SourceQuality "1"]

{[%evp 9,52,27,26,18,21,14,23,18,34,5,8,0,-10,-25,-32,-72,-85,-83,-78,-151,-148,-229,-224,-252,-265,-262,-174,-312,-288,-975,-982,-938,-950,-1087,-1067,-1013,-1011,-1135,-982,-2346,-2324,-29997,-29998,-29998,-29999]} 1. e4 c6 2. d4 d5 3. exd5 cxd5 4. Bd3 Nc6 5. c3 Qc7 6. Na3 {B13: Caro-Kann: Exchange Variation and Panov-Botvinnik Attack} (6. h3 g6 7. Qc2 f6 8. Ne2 e5 9. O-O Nge7 10. dxe5 fxe5 11. c4 e4 12. Bxe4 dxe4 13. Nbc3 Bg7 14. Nd5 Qd6 {0-1 (29) Aronian,L (2767)-Howell,D (2685) Caleta 2019}) 6... a6 7. Nc2 Nf6 8. h3 {White has an edge.} g6 9. Nf3 Bf5 10. Bxf5 gxf5 11. O-O $146 ({Predecessor:} 11. g3 e6 12. Bf4 Bd6 13. Bxd6 Qxd6 14. Qe2 Ne4 15. O-O-O O-O-O {½-½ (33) Lavrentyev,Y (2311)-Boeken,M (2425) ICCF email 2012}) 11... e6 12. a4 Rg8 13. Re1 Bd6 14. b4 (14. Nb4 $142) 14... Ne4 $17 15. Bb2 {[#]} (15. Bd2 $17) 15... Ne7 $1 $19 {[%cal Bc6e7,Be7g6,Bg6f4,Bf4h3,Bh3f2][%mdl 32]} 16. Rc1 Ng6 {Hoping for ...Nf4!} ({Less strong is} 16... Nxc3 17. Bxc3 Qxc3 18. Ne3 $15) 17. Ne3 b5 18. Nd2 (18. Rc2 {was called for.}) 18... Nf4 {...Nxh3+ is the strong threat.} 19. c4 $2 (19. Kf1) 19... Nxh3+ {[%mdl 64] [#] Double Attack} 20. Kf1 Nhxf2 21. Qc2 Nxd2+ {[%mdl 64] Overworked Piece} 22. Qxd2 Ne4 23. Qc2 bxc4 24. g4 Bxb4 25. gxf5 Qf4+ {[%mdl 64] Double Attack} 26. Ke2 Qf2+ {[%mdl 64] Double Attack. Accuracy: White = 26%, Black = 84%.} 0-1

[Event "Calvi Rapid Open 2019"]
[Site "Calvi"]
[Date "2019.05.19"]
[Round "11.2"]
[White "Petrosyan, Armen"]
[Black "Astaneh Lopez 2430, Alex"]
[Result "1-0"]
[WhiteElo "2409"]
[BlackElo "2430"]
[Annotator "TA"]
[PlyCount "108"]
[EventDate "2019.05.18"]
[EventType "rapid"]
[EventCountry "FRA"]
[SourceTitle "playchess.com"]
[Source "ChessBase"]
[SourceQuality "1"]

{[%evp 14,108,8,0,37,22,25,0,0,-24,-15,-15,-17,-24,-24,-23,-4,-31,-6,-58,-19,-84,-54,-95,-88,-120,-81,-77,-69,-76,-86,-132,-84,-87,-79,-74,-82,-86,-66,-108,-99,-99,-92,-92,-89,-100,-20,-81,-80,-102,-96,-103,-104,-120,-120,-202,-125,-122,-108,-212,-177,-380,-391,-512,-496,-518,-502,-833,-801,-1363,-1312,-1143,-552,-521,-325,-1258,-1226,-1237,-993,-1400,-1346,-1231,-831,-1232,-1033,-608,-646,-1044,-992,-700,-507,-2514,-2489,-2270,-2099,-1552,-1460]} 1. e4 c6 2. d4 d5 3. Nd2 dxe4 4. Nxe4 Nf6 5. Nxf6+ exf6 6. Nf3 Bd6 7. Bd3 O-O 8. O-O Nd7 {B15: Caro-Kann: 3 Nc3: 3...g6 and 3...dxe4 4 Nxe4 Nf6 5 Nxf6+ exf6} (8... Re8 9. Nh4 g6 10. Bh6 c5 11. dxc5 Bxc5 12. Re1 Be6 13. Be3 Bxe3 14. Rxe3 Nc6 15. Be4 Ne5 16. Qxd8 Raxd8 {½-½ (59) Antipov,M (2580)-Yu,Y (2738) Caleta 2017}) 9. Be3 Re8 10. Qd2 Nf8 {The position is equal.} 11. Bf4 $146 ({Predecessor:} 11. Nh4 Ng6 12. Nxg6 hxg6 13. Rfe1 Qc7 14. g3 Bh3 15. Bf1 Bxf1 16. Kxf1 {½-½ (61) Titorenko,N (2153)-Khmiadashvili,T (1976) Rhodes 2019}) 11... Bg4 12. Bxd6 Qxd6 13. Nh4 Rad8 14. h3 Bc8 15. c3 c5 16. Rad1 (16. Nf3 $11) 16... cxd4 17. cxd4 (17. Nf3 $1 $11 {keeps the balance.}) 17... g6 18. Nf3 Be6 19. Qa5 a6 20. Rfe1 Bd5 21. Rxe8 Rxe8 22. Qc5 Rd8 23. Bc4 Bxf3 24. Qxd6 Rxd6 25. gxf3 $17 {[%mdl 4096] Endgame KRB-KRN} Ne6 26. d5 Nf4 27. Kh2 g5 28. Bb3 Kf8 29. Rc1 Rd7 ({Black should try} 29... Ke7 $17) 30. Rc8+ (30. d6 $1 $11) 30... Ke7 31. Ba4 b5 32. Bb3 Nxd5 33. Rh8 a5 34. a3 (34. h4 $17) 34... Nf4 {[#] And now ...a4 would win.} 35. Rxh7 Ne6 36. Kg3 (36. Bxe6 $17 {was called for.} Kxe6 37. Rh8) 36... Rd2 $19 37. h4 $2 (37. Bxe6 Kxe6 38. b4) 37... Rxb2 38. Bxe6 gxh4+ ({Not} 38... Kxe6 39. h5 $17) 39. Rxh4 {[#] Strongly threatening Bd5.} fxe6 {KR-KR} 40. Rh7+ (40. a4 $142 Rb4 41. Rh7+ Kd6 42. axb5) 40... Kd6 41. Ra7 a4 42. Ra6+ Ke7 (42... Kc5 $142 43. Ra8 Rb3 44. Rc8+ Kd6) 43. Rb6 Rb3 44. Kg4 $2 (44. Kf4) 44... f5+ {Black is clearly winning.} 45. Kf4 Kf6 46. Kg3 Ke5 47. Rb8 Rb1 48. f4+ Kd5 49. Kh4 Kc4 50. Kg5 Re1 51. Kf6 Re4 52. Rc8+ (52. Kg5 $142) 52... Kb3 53. Rb8 Rxf4 54. Rxb5+ Kxa3 {[%mdl 32768] Accuracy: White = 33%, Black = 65%. . Sensor Board Error (Ke4/e5)?} 1-0

[Event "Calvi Rapid Open 2019"]
[Site "Calvi"]
[Date "2019.05.19"]
[Round "12.1"]
[White "Howell, David W L"]
[Black "Astaneh Lopez, Alex"]
[Result "0-1"]
[WhiteElo "2698"]
[BlackElo "2430"]
[Annotator "TA"]
[PlyCount "82"]
[EventDate "2019.05.18"]
[EventType "rapid"]
[EventCountry "FRA"]
[SourceTitle "playchess.com"]
[Source "ChessBase"]
[SourceQuality "1"]

{[%evp 13,82,14,48,10,18,17,16,-26,-23,-29,-36,-30,-23,-47,-50,-97,-48,-46,-35,-42,-45,-77,-37,-104,-97,-143,-121,-238,-140,-223,-212,-233,-233,-243,-199,-220,-247,-254,-250,-228,-244,-229,-218,-231,-214,-293,-281,-281,-280,-256,-216,-233,-238,-264,0,0,0,-45,-45,-45,-44,-99,-85,-104,47,-650,-650,-649,-645,-949,-949]} 1. c4 c6 2. Nf3 Nf6 3. d4 d5 4. Qc2 g6 5. Bf4 Bg7 6. e3 O-O 7. Nc3 a6 {[%cal Ba7a6,Ba6a5,Ba5a4][%mdl 32]} 8. h3 {D93: Grünfeld: 4 Nf3 Bg7 5 Bf4 0-0 6 e3} Bf5 (8... b5 9. cxd5 cxd5 10. Bd3 Nc6 11. a3 Bb7 12. O-O Rc8 13. Qe2 Na5 14. Ne5 Ne4 15. Na2 f6 {0-1 (32) Oganian,M (2454)-Andreikin,D (2705) Sochi 2017}) 9. Qb3 b5 $146 ({Predecessor:} 9... Ra7 10. Be2 dxc4 11. Bxc4 b5 12. Be2 Nbd7 13. a4 Qa5 14. O-O Be6 15. Qc2 b4 {½-½ (43) Nadera,B (2402)-Rahman,Z (2522) Kuala Lumpur 2007}) 10. c5 {The position is equal.} a5 11. Be2 a4 12. Qd1 Ne4 13. O-O a3 $36 {[%mdl 2048] Black has good play.} 14. Qb3 axb2 15. Qxb2 Nd7 16. Rfc1 Nxc3 17. Rxc3 Qa5 (17... Be4 $5 {[%cal Re4f3]} 18. Bg5 h6 $17) 18. Qc1 (18. a4 $15) 18... Be4 $17 19. Nd2 e5 20. Nb3 (20. dxe5 $17 Nxe5 21. Nb3 Qxc3 22. Qxc3 Nf3+ {[%mdl 64] Discovered Attack} 23. gxf3 Bxc3 24. Rc1) 20... Qa3 (20... Qa7 $19 {Hoping for ...b4.} 21. dxe5 b4) 21. Bh2 (21. dxe5 $17 {keeps fighting.} b4 22. Qxa3 Rxa3 23. Rcc1) 21... b4 $19 22. Qxa3 Rxa3 23. Rcc1 exd4 24. Nxd4 Rfa8 25. Bd1 Bxd4 26. exd4 Rxa2 27. Rxa2 Rxa2 28. Bf4 Bd3 29. f3 f6 30. Bg3 Nf8 31. Be1 Rb2 32. Ba4 Ne6 $1 33. Bxc6 {[#]} Nxd4 $2 (33... Nf4 $1 $19 {[%cal Rf4e2] And now ...Ne2+ would win.} 34. Kh1 Bf1) 34. Bxd5+ $11 Kg7 {...Ne2+ is the strong threat.} 35. Rd1 Ne2+ 36. Kh1 $1 Nf4 {Strongly threatening ...Bc2.} 37. c6 {[#]} ({White should play} 37. Be4 $15 Bxe4 38. fxe4) 37... Bf1 $1 $17 {[%cal Rf1g2]} 38. c7 Rc2 $2 ({Better is} 38... Bxg2+ $17 39. Kg1 Bxh3) 39. Bd2 $2 {[%mdl 8192]} (39. Be4 $14 Bxg2+ 40. Kg1 Rxc7 41. Bg3 Bxf3 42. Bxf3) 39... Bxg2+ $19 {[%mdl 64] Double Attack. Black is clearly winning.} ({Weaker is} 39... Nxd5 40. Rxf1 Rxc7 41. Rb1 $17) 40. Kh2 Nxd5 41. Kxg2 Ne3+ {[%mdl 64] Double Attack. Accuracy: White = 27%, Black = 68%.} 0-1

[Event "Calvi Rapid Open 2019"]
[Site "Calvi"]
[Date "2019.05.19"]
[Round "13.1"]
[White "Astaneh Lopez, Alex"]
[Black "Howell, David W L"]
[Result "0-1"]
[WhiteElo "2430"]
[BlackElo "2698"]
[Annotator "TA"]
[PlyCount "128"]
[EventDate "2019.05.18"]
[EventType "rapid"]
[EventCountry "FRA"]
[SourceTitle "playchess.com"]
[Source "ChessBase"]
[SourceQuality "1"]

{[%evp 17,128,-6,0,-13,0,0,-7,-12,-11,-10,0,-19,-11,-16,-10,-37,1,0,0,0,0,0,0,0,0,9,27,18,81,81,80,64,121,-51,-50,-43,-45,-162,-41,-62,-33,-393,-341,-395,-393,-383,-397,-383,-392,-386,-368,-375,-376,-376,-375,-368,-366,-618,-594,-829,-796,-860,-761,-29957,-29957,-6175,-5631,-29968,-29969,-29968,-438,-438,-405,-4132,-438,-438,-438,-438,-438,-422,-324,-422,-386,-438,-438,-431,-405,-405,-405,-405,-324,-324,-324,-405,-405,-405,-405,-752,-405,-405,-404,-427,-412,-1120,-953,-675,-646,-29981,-29982,-29981,-29982,-29997,-29998]} 1. Nf3 Nf6 2. g3 d5 3. Bg2 Bf5 4. d3 e6 5. Nbd2 h6 6. O-O Bh7 7. c4 c6 8. b3 Be7 9. Bb2 O-O 10. Ne5 {A12: English Opening: 1...c6 with b3 by White} (10. a3 a5 11. Qc2 Na6 12. Bc3 c5 13. Rad1 d4 14. Bb2 Nd7 15. e3 e5 16. Rfe1 Re8 17. exd4 exd4 18. h3 Qc7 19. Bc1 {0-1 (51) Maghsoodloo,P (2688)-Aronian,L (2765) St Petersburg 2018}) 10... a5 11. Ndf3 Qb6 $146 ({Predecessor:} 11... Nbd7 12. Qc2 Re8 13. Bc3 Nxe5 14. Bxe5 Nd7 15. Bc3 Bf6 16. Qb2 Qb6 17. Bxf6 Nxf6 {½-½ (49) Prenzler,D (2166)-Dovzik,J (2304) Germany 2017}) 12. a3 {The position is equal.} Rd8 13. Qc2 Nbd7 14. Bd4 c5 15. Bc3 d4 16. Bd2 Nxe5 17. Nxe5 Qc7 18. f4 Bd6 19. Rab1 Bxe5 20. fxe5 Ng4 21. b4 cxb4 22. axb4 axb4 (22... a4 $11 {keeps the balance.}) 23. Rxb4 $16 Ra7 24. Qb2 {[%cal Rb4b7]} Qxe5 (24... Nxe5 $14 25. Rxb7 Rxb7 26. Qxb7 Qxb7 27. Bxb7 Rb8) 25. Rxb7 $2 (25. Bf4 $1 $16 {[%cal Rf4e5]} Qc5 26. h3 (26. Bxb7 Qh5 $11)) 25... Rxb7 $15 26. Qxb7 Qxe2 27. Qxf7+ Kh8 28. Ba5 $1 {Black must now prevent Re1.} Rb8 $40 {[%mdl 128] Black is up to no good.} 29. Qa7 $2 {[%mdl 8192]} (29. Qf3 $1 $15 Bxd3 30. Qxe2 Bxe2 31. Rc1) 29... Qe3+ $19 30. Kh1 {[#]} Rb1 $3 {[%mdl 512]} 31. Qa8+ (31. Rxb1 Nf2+) 31... Bg8 32. h3 (32. Rxb1 {is a self mate.} Nf2+ 33. Kg1 Nh3+ $1 {[%mdl 512]} 34. Kh1 Qg1+ $1 {[%mdl 512]} 35. Rxg1 Nf2#) 32... Qxd3 33. hxg4 Rxf1+ 34. Bxf1 Qxf1+ 35. Kh2 Qxc4 36. g5 Qe2+ 37. Kg1 $2 (37. Qg2 Qh5+ {[%mdl 64] Double Attack} 38. Kg1) 37... Qe3+ 38. Kh2 Qxg5 39. Be1 Qe3 40. Qa5 Qe2+ 41. Kg1 e5 42. Bf2 d3 43. Qe1 Qf3 (43... Qh5 $142 44. Qe3 Bd5 45. Kf1 Qh1+ 46. Bg1 Qg2+ 47. Ke1 {[#]} d2+ $1 {[%mdl 576] Deflection} 48. Qxd2 Qxg1+ 49. Ke2 Qh2+ 50. Ke1 Qxd2+ 51. Kxd2 h5 52. Ke1 g5 53. Kf1 h4 54. gxh4 gxh4 55. Kg1 h3 56. Kh2 Bg2 57. Kg1 Kg7 58. Kf2 e4 59. Kg3 e3 60. Kf4 e2 61. Ke5 e1=Q+ 62. Kd4 h2 63. Kd3 h1=Q 64. Kc4 Qe3 65. Kb4 Qb1+ 66. Kc4 Qbb3#) 44. Qe3 Qd1+ 45. Qe1 (45. Be1 $142) 45... Qc2 (45... Qh5 $142 46. Qe3 Bd5) 46. Be3 Qc4 47. Bd2 Qd5 48. Qe3 Bh7 49. Qf2 Bg6 50. Qf8+ Kh7 {Strongly threatening ...Bf7.} 51. Qf2 Qe6 52. Qe3 Qf5 53. Bc3 e4 54. Qd4 {[%csl Gc3][%cal Rd4g7]} Qf7 55. Bd2 Bf5 56. Bc3 {[#]} Qg6 $1 57. Kf2 (57. Qe3 $142) 57... Qg4 58. Qe3 Bg6 59. Ke1 Qh3 60. Qf2 (60. Bd4 $142) 60... Qh1+ 61. Kd2 Qb1 {( -> ...Qc2+)} 62. Ke3 Qb6+ {Black mates.} 63. Bd4 Qa5 64. Qg1 Qg5+ {Accuracy: White = 38%, Black = 71%.} 0-1

[Event "Calvi Rapid Open 2019"]
[Site "Calvi"]
[Date "2019.05.19"]
[Round "14"]
[White "Howell, David W L"]
[Black "Astaneh Lopez, Alex"]
[Result "1-0"]
[WhiteElo "2698"]
[BlackElo "2430"]
[Annotator "TA"]
[PlyCount "119"]
[EventDate "2019.05.18"]
[EventType "rapid"]
[EventCountry "FRA"]
[SourceTitle "playchess.com"]
[Source "ChessBase"]
[SourceQuality "1"]

{[%evp 21,119,-2,27,-15,35,25,28,25,29,11,27,0,0,0,16,23,23,-20,5,17,8,0,29,25,69,62,84,49,49,47,50,45,107,29,39,39,109,95,131,128,191,106,242,222,196,54,56,56,221,219,225,161,162,164,173,94,94,94,94,94,135,115,212,202,214,206,353,353,316,306,368,289,649,512,492,489,738,737,843,664,1073,1018,1079,1075,961,650,1023,764,1108,1284,2379,2384,2125,1946,29986,29987,29987,29988,29989,29990]} 1. g3 d5 2. Nf3 Nf6 3. Bg2 c6 4. O-O Bg4 5. h3 Bh5 6. d3 e6 7. b3 Nbd7 8. Bb2 Be7 9. Nbd2 a5 10. a3 O-O 11. c4 Qb6 12. Rc1 $146 {A12: English Opening: 1...c6 with b3 by White} (12. g4 $5 {[%cal Rg4h5]} Bg6 13. Nh4 $11) ({Predecessor:} 12. Qc2 Rfd8 13. Rab1 Ne8 14. Rfe1 Bf6 15. Bxf6 Nexf6 16. Qb2 Bxf3 17. Nxf3 h6 18. Rec1 Qc7 19. cxd5 exd5 20. Nd4 Qe5 {1-0 (50) Zhao,J (2610)-Erenburg,S (2589) chess.com INT 2019}) 12... a4 13. b4 c5 14. b5 {White has an edge.} h6 15. Qc2 Bg6 16. Ne5 (16. Rfe1 {feels hotter.} Rfe8 17. Nh4 Bh7 18. e4 d4 19. e5) 16... Nxe5 17. Bxe5 Nd7 18. Bb2 d4 19. Nf3 Bd6 20. Rce1 e5 21. e4 Qc7 22. Nh4 Bh7 23. Nf5 Rfe8 24. Bc1 Bf8 25. Qe2 Kh8 26. Qf3 Re6 ({Black should play} 26... Qd8 $14) 27. Nh4 (27. g4 $16) 27... Rf6 28. Qd1 g6 ({Black should try} 28... Re6 $14) 29. f4 $16 Bg7 30. Nf3 exf4 (30... Rb6 $16 {was necessary.} 31. f5 g5) 31. gxf4 (31. Bxf4 $18 Qd8 32. h4) 31... Rxf4 (31... Re6 $16) 32. Bxf4 $18 Qxf4 {[#]} 33. Nh2 (33. e5 $1 $18 {[%cal Re5e6][%mdl 512] aiming for e6.} Qg3 (33... Nxe5 34. Nxe5) 34. e6 fxe6 35. Rxe6) 33... Qg3 $14 34. Rf3 Qg5 $2 (34... Qd6 $14) 35. Rxf7 $18 Ne5 36. Nf3 Qg3 37. Nxe5 Bxe5 38. Kf1 (38. Rf3 $18 Qh2+ 39. Kf2) 38... Bg8 $16 39. Rf3 Qg5 40. Qc1 Qh5 41. Qd2 Bg7 (41... Kg7 $16 {was called for.}) 42. Qf2 Qe5 43. Kg1 Qe6 (43... Re8 $142 44. h4 Qe7) 44. e5 $18 Re8 45. Rf4 Qe7 46. Kh1 Bh7 $2 (46... g5) 47. e6 {Rf7 is the strong threat.} Bg8 48. Bd5 Qg5 (48... g5 $142) 49. Rg4 Qh5 50. Qf3 Rf8 51. Qg3 g5 52. Kg2 Re8 53. Rge4 Qg6 54. Qd6 Bh7 55. Qd7 Rf8 56. e7 Re8 57. Bxb7 Bg8 {[#]} 58. Qxe8 $1 {[%mdl 576] Promotion. White mates.} Qxe8 59. Bc6 Qh5 60. e8=Q {Accuracy: White = 60%, Black = 24%.} 1-0